000 00666nam a2200193 i 4500
001 120198
003 ES-MaACL
005 20251012063050.0
007 t|
008 070214s1968 sp r ||||1| spa d
100 1 _aPérez Vidal, José,
_d1907-1990
_9160934
245 1 3 _aLa vivienda canaria
_b: datos para su estudio /
_cJosé Pérez Vidal.
260 _aMadrid :
_bPatronato de la Casa de Colón,
_c1968.
300 _a37 h., 20 lám. ;
_c24 cm.
500 _aEs tirada aparte del Anuario de Estudios Atlánticos, 1967, nº13.
710 2 _aPatronato de la Casa de Colón.
_96175
852 _aES-MaACL
_jE-5838
_bR.89896
999 _c120198
_d120198